000 00508nam a2200169 a 4500
001 743
003 CDMR
005 20130517121249.0
008 130130s1977||||||||||||||||||||||||||||d
040 _aCDMR
_bcat
_cCPC GIRONA
100 1 _aLópez De Zuazo Algar, Antonio
_9296
245 1 0 _aDiccionario del periodismo
_cAntonio López de Zuazo Algar ; prólogo José Luís Martínez Albertos
250 _a2a ed.
260 _c[1977]
_bPirámide
_aMadrid
650 0 4 _93462
_aPeriodisme
_xDiccionaris
942 _cMON
_2ddc
999 _c743
_d743